Signals and Images in Sea Technologies (Record no. 30240)

MARC details
000 -LEADER
fixed length control field 01080nam a2200133Ia 4500
008 - FIXED-LENGTH DATA ELEMENTS--GENERAL INFORMATION
fixed length control field 220620s9999||||xx |||||||||||||| ||und||
020 ## - INTERNATIONAL STANDARD BOOK NUMBER
International Standard Book Number 9783040000000
245 #0 - TITLE STATEMENT
Title Signals and Images in Sea Technologies
546 ## - LANGUAGE NOTE
Language note English[eng]
650 ## - SUBJECT ADDED ENTRY--TOPICAL TERM
Topical term or geographic name entry element passive sonar||weak target detection||robust Capon beamforming||large DOA mismatch||two-step steering vector estimation||free surface recording||waves||bubbles||PIV||wave flume experiments||Voronoi partition||mobile sensor networks||wireless sensor networks||environmental monitoring||marine environment||oil spills||ship||navigation systems||dynamic positioning||signal filtering||signal processing||time-frequency representation||Kalman filter||estimation||directional wave spectra||distributed jamming technology||layout strategy||underwater acoustic sensor networks||Cramér–Rao bound||underwater image enhancement||Multi-Scale Retinex||parameter optimization||no reference image quality assessment||n/a
700 ## - ADDED ENTRY--PERSONAL NAME
Personal name Moroni, Davide||Salvetti, Ovidio
856 ## - ELECTRONIC LOCATION AND ACCESS
Uniform Resource Identifier <a href="https://mdpi.com/books/pdfview/book/4107">https://mdpi.com/books/pdfview/book/4107</a>
942 ## - ADDED ENTRY ELEMENTS (KOHA)
Koha item type E-Books
Holdings
Withdrawn status Lost status Damaged status Not for loan Home library Current library Date acquired Total Checkouts Date last seen Price effective from Koha item type
        Kerala University of Digital Sciences, Innovation and Technology Knowledge Centre Kerala University of Digital Sciences, Innovation and Technology Knowledge Centre 20/06/2022   20/06/2022 20/06/2022 E-Books